000 00490nam a2200193Ia 4500
008 210210b1950 xxu||||| |||| 00| 0 eng d
041 _aeng
082 _a545 WILA
100 _aWILLARD (Hobart H)
245 _aAdvanced quantitative analysis
260 _aLondon
_bD Van Nostrand company, Inc.
_c1950
300 _axi,457
650 _aquantitative
650 _aanalysis
650 _aAdvanced
690 _aQuantitative Chemistry
700 _aDIEHL (Harvey)
906 _a009964
999 _c140627
_d140627